banner koha

Efeitos do emprego da rocagem e da consorciacao em cultura de algodao moco (Gossypium hirsutum var. marie-galante Hutch) (Registro n. 18324)

MARC details
000 -LÍDER
campo de controle de tamanho fixo 00890nam a22002657a 4500
001 - NÚMERO DE CONTROLE
campo de controle BR7324076
003 - IDENTIFICADOR DO NÚMERO DE CONTROLE
campo de controle BR-BrBNA
005 - DATA E HORÁRIO DA ÚLTIMA TRANSAÇÃO
campo de controle 20230928084339.0
007 - CAMPO FIXO DE DESCRIÇÃO FÍSICA--INFORMAÇÃO GERAL
campo de controle de tamanho fixo ta
008 - CAMPO DE DADOS FIXOS--INFORMAÇÃO GERAL
campo de controle de tamanho fixo 230509b bl.||||| |||| 00| 0 por d
040 ## - FONTE DA CATALOGAÇÃO
Instituição da catalogação original BR-BrBNA
Idioma da catalogação por
Instituição que transcreveu o registro Biblioteca Nacional de Agricultura
041 ## - CÓDIGO DE IDIOMA
Código do idioma do texto/trilha sonora ou título diferente (Por)
072 ## - CÓDIGO DE CATEGORIA DE ASSUNTO
Código de Categoria de Assunto F00
Código do objeto 0430
090 ## - NÚMERO DE CHAMADA LOCAL
-- 0430 BR7324076
100 1# - ENTRADA PRINCIPAL--NOME PESSOAL
Nome pessoal Alves, J.F.
110 1# - ENTRADA PRINCIPAL--NOME CORPORATIVO
Nome corporativo ou nome da jurisdição Escola Superior de Agricultura Luiz de Queiroz, Piracicaba, SP (Brasil)
Grau Universitário Tese (Magister Scientiae)
245 1# - TÍTULO
Título Efeitos do emprego da rocagem e da consorciacao em cultura de algodao moco (Gossypium hirsutum var. marie-galante Hutch)
260 3# - PUBLICAÇÃO, DISTRIBUIÇÃO, ETC.
Local de publicação, distribuição, etc. Piracicaba, SP (Brasil):
Data da publicação, distribuição, etc. 1972.
300 ## - DESCRIÇÃO FÍSICA
Extensão 70 p.
500 ## - NOTA GERAL
Nota geral 40 tables; 14 ref.; Summaries (Eng, Por); Microficha
650 ## - ASSUNTO--TERMO TÓPICO
Cabeçalho tópico ou nome geográfico Algodao moco
650 ## - ASSUNTO--TERMO TÓPICO
Cabeçalho tópico ou nome geográfico Consorciacao de cultura
909 ## -
-- 202309
-- Lucia
-- 55
-- Lucia Elande
942 ## - ELEMENTOS DE ENTRADA ADICIONADOS (KOHA)
Tipo de material Koha Livros
Exemplares
Situação do descarte Fonte da classificação ou esquema de arquivamento na estante Situação física Não pode ser emprestado Coleção Biblioteca de origem Biblioteca atual Total de empréstimos Número de telefone completo Código de barras Data de último acesso Número do exemplar Tipo de material Koha Situação das perdas Data de aquisição Fonte de aquisição
  Classificação AGRIS       Biblioteca Nacional de Agricultura - Binagri Biblioteca Nacional de Agricultura - Binagri   0430 BR7324076 0430 BR7324076 25/09/2023 01 Livros   2023-09-25 Portaria Interministerial nº 164/94

BINAGRI

Telefone: (61)3218-2567/2388/3357/2097 - binagri@agro.gov.br

Ministério da Agricultura e Pecuária , Esplanada dos Ministérios, Bloco D, Anexo B, Brasília/DF, CEP: 70.043-900